00648cam a2200205 a 450000100100000000500170001000800410002702000150006804000250008308200170010810000290012524500380015426000290019230000210022149000370024250000820027965000200036165000240038183000370040500000465020200929151457.0790912s1976 sp 000 f spa  a8432503274 aDO-SdBNPbspacBNPHU a843.8bV531m1 aVerne, Jules,d1828-190510aMistress Branican /cJulio Verne. aMadrid :bDoncel,c1976. a398 p. ;c18 cm.1 aEl libro de bolsillo doncelv113 aLa obra posee el título en inglés, pero su contenido está en español. 4aNovela francesa 4aLiteratura francesa 0aEl libro de bolsillo doncelv113